00810nam a2200205 i 450000100060000000300090000600500170001500700030003200800410003508000120007610000320008824502380012026000510035830000280040949000510043765100250048870000160051383000510052985200240058049172ES-MaACL20230906161912.0t|030710s1841 sp ||||1| spa d a94(460)1 aCortada, Juan (d1805-1868)10aHistoria de España b: desde los tiempos más remotos hasta 1839 /cescrita por Juan Cortada ; adornada con hermosas láminas grabadas ... y embellecida con un hermoso atlas geográfico-histórico ... ; dirigido por A. Houzé. aBarcelona : b[s.n.], c1841 (fImp. de Brusi) a3 t. en 2 v. ; c22 cm.1 aEl mundo historia de todos los pueblos ; v6-8 4aEspaña-xHistoria.1 aHouzé, A.0 aEl mundo historia de todos los pueblos ; v6-8 aES-MaACLjD-4086-87